000
00158nam a2200085 4500
082
_a
GIT
100
_a
Gitty, A.G.
245
_a
Physical Metullargy
942
_c
BK
999
_c
12879
_d
12879